[Event "EU-ch Online U18"]
[Site "Tornelo INT"]
[Date "2020.09.20"]
[Round "7"]
[White "Sadler, Michel"]
[Black "Iustin, Silviu"]
[Result "1/2-1/2"]
[WhiteElo "1898"]
[BlackElo "1998"]
[PlyCount "138"]
[EventDate "2020.09.18"]
[EventType "swiss (rapid)"]
[EventRounds "9"]
[EventCountry "ENG"]
[SourceTitle "CBM 198 Extra"]
[Source "ChessBase"]
[SourceDate "2020.11.30"]
[SourceVersion "1"]
[SourceVersionDate "2020.11.30"]
[SourceQuality "1"]

1. c4 e5 2. g3 Nc6 3. Bg2 g6 4. Nc3 Bg7 5. e4 d6 6. Nge2 f5 7. d3 Nf6 8. 0-0 0-0 9. f4 fxe4 10. Nxe4 Nxe4 11. Bxe4 Bh3 12. Re1 Bg4 13. Qc2 Bxe2 14. Qxe2 Nd4 15. Qg2 c6 16. Be3 Nf5 17. Bd2 Qc7 18. Rab1 Rae8 19. b4 Nd4 20. Kh1 exf4 21. Bxf4 Be5 22. Be3 Nf5 23. Bg1 a6 24. b5 axb5 25. cxb5 d5 26. Bxf5 gxf5 27. Qc2 Bg7 28. bxc6 bxc6 29. Bc5 Qa5 30. Bb4 Rxe1+ 31. Bxe1 Qc7 32. Bd2 Re8 33. Bf4 Qd7 34. Rc1 Re6 35. Qf2 Qe8 36. Rc2 Re1+ 37. Kg2 Re6 38. a4 h5 39. a5 Qa8 40. Qb6 Qe8 41. Rf2 Re2 42. Qb8 Qxb8 43. Bxb8 Re8 44. Bc7 Ra8 45. Rxf5 Bc3 46. Rxh5 Bxa5 47. Bxa5 Rxa5 48. Rh6 Rc5 49. Kf3 Rc3 50. Ke3 c5 51. Rh5 d4+ 52. Ke4 Kg7 53. g4 Rc1 54. h4 Kg6 55. Kd5 Rc3 56. Ke4 Rc1 57. Rd5 Rc2 58. Rd6+ Kg7 59. Rd5 Kg6 60. Rd6+ Kg7 61. Kd5 Rc3 62. Rc6 Rxd3 63. Rxc5 Rg3 64. Rc4 Rxg4 65. Rxd4 Rxd4+ 66. Kxd4 Kh6 67. Ke4 Kh5 68. Kf5 Kxh4 69. Kf4 Kh3 1/2-1/2

[Event "EU-ch Online U18"]
[Site "Tornelo INT"]
[Date "2020.09.18"]
[Round "2"]
[White "Coates, Sam"]
[Black "Sadler, Michel"]
[Result "0-1"]
[WhiteElo "1589"]
[BlackElo "1898"]
[PlyCount "116"]
[EventDate "2020.09.18"]
[EventType "swiss (rapid)"]
[EventRounds "9"]
[EventCountry "ENG"]
[SourceTitle "CBM 198 Extra"]
[Source "ChessBase"]
[SourceDate "2020.11.30"]
[SourceVersion "1"]
[SourceVersionDate "2020.11.30"]
[SourceQuality "1"]

1. e4 c6 2. d4 d5 3. exd5 cxd5 4. Bd3 Nc6 5. c3 Nf6 6. h3 g6 7. Nf3 Bg7 8. 0-0 0-0 9. Re1 Bf5 10. Qe2 Bxd3 11. Qxd3 e6 12. Nbd2 a6 13. Ne5 Nxe5 14. dxe5 Nd7 15. Nf3 b5 16. Bf4 Qb6 17. Qd4 Rfc8 18. Qxb6 Nxb6 19. Nd4 Rc4 20. Bg3 b4 21. Ne2 bxc3 22. Nxc3 Rac8 23. Rad1 Rb4 24. Rb1 Nc4 25. Re2 d4 26. Nd1 d3 27. Re4 a5 28. Bf4 Rcb8 29. a3 Nxa3 30. Rxb4 Rxb4 31. Ra1 Nc2 32. Bd2 Nxa1 33. Bxb4 axb4 34. f4 Bf8 35. Kf2 Nc2 36. Kf3 Be7 37. Ke4 Kf8 38. g4 Ne1 39. b3 Bc5 40. h4 Ke7 41. h5 f5+ 42. exf6+ Kxf6 43. hxg6 hxg6 44. Nb2 d2 45. Nd1 g5 46. fxg5+ Kxg5 47. Ke5 Kxg4 48. Kxe6 Kf3 49. Kd5 Bf8 50. Kc4 Ke2 51. Nb2 d1Q 52. Nxd1 Kxd1 53. Kb5 Kc2 54. Ka4 Nd3 55. Ka5 Kxb3 56. Kb5 Kc3 57. Ka4 b3 58. Kb5 b2 0-1

[Event "EU-ch Online U18"]
[Site "Tornelo INT"]
[Date "2020.09.18"]
[Round "3"]
[White "Sadler, Michel"]
[Black "Kukelko, Alexey"]
[Result "0-1"]
[WhiteElo "1898"]
[BlackElo "2346"]
[PlyCount "36"]
[EventDate "2020.09.18"]
[EventType "swiss (rapid)"]
[EventRounds "9"]
[EventCountry "ENG"]
[SourceTitle "CBM 198 Extra"]
[Source "ChessBase"]
[SourceDate "2020.11.30"]
[SourceVersion "1"]
[SourceVersionDate "2020.11.30"]
[SourceQuality "1"]

1. b3 d5 2. e3 e5 3. Bb2 Bd6 4. Nf3 Qe7 5. d4 e4 6. Ne5 c6 7. Be2 f6 8. Bh5+ g6 9. Bxg6+ hxg6 10. Nxg6 Qg7 11. Nxh8 Qxg2 12. Qh5+ Kd8 13. Rf1 Bg4 14. Qf7 Qf3 15. Qxg8+ Kc7 16. Nc3 Bb4 17. Qxg4 Qxg4 18. Nf7 Nd7 0-1

[Event "EU-ch U18"]
[Site "Bratislava"]
[Date "2019.08.05"]
[Round "4"]
[White "Ihnat, Marek1111"]
[Black "Sadler, Michel"]
[Result "1-0"]
[WhiteElo "1972"]
[BlackElo "1766"]
[PlyCount "49"]
[EventDate "2019.08.02"]
[EventType "swiss"]
[EventRounds "9"]
[EventCountry "SVK"]
[SourceTitle "CBM 191 Extra"]
[Source "ChessBase"]
[SourceDate "2019.09.30"]
[SourceVersion "1"]
[SourceVersionDate "2019.09.30"]
[SourceQuality "1"]

1. e4 e5 2. Nf3 Nc6 3. Bc4 Nf6 4. Ng5 d5 5. exd5 Na5 6. Bb5+ c6 7. dxc6 bxc6 8. Bd3 Bc5 9. 0-0 0-0 10. Nc3 h6 11. Nge4 Nxe4 12. Nxe4 Bb6 13. Re1 f5 14. Nc3 Qd4 15. Rf1 e4 16. Be2 f4 17. d3 f3 18. gxf3 exf3 19. Bxf3 Qh4 20. Ne4 Bh3 21. Bg2 Bg4 22. Qe1 Rf3 23. Be3 Rh3 24. Bxh3 Bxh3 25. Bxb6 1-0